Statistics for Name All Episodes of ... Doctor Who (10th Doctor Episodes)

Click here to take the quiz!

General Stats

  • This quiz has been taken 216 times
    (182 since last reset)
  • The average score is 22 of 39

Answer Stats

Series 2% Correct
New Earth
85%
Tooth and Claw
82%
Smith and Jones
75%
Doomsday
73%
The Girl In The Fireplace
71%
Fear Her
69%
School Reunion
68%
Partners in Crime
66%
Blink
65%
The Shakespeare Code
65%
Utopia
65%
The Age of Steel
63%
Gridlock
61%
The Family of Blood
60%
The Fires of Pompeii
59%
Rise of the Cybermen
58%
The Satan Pit
58%
Midnight
57%
The Idiot's Lantern
57%
The Sound of Drums
57%
Army of Ghosts
56%
The Impossible Planet
56%
42
55%
The Last of the Time Lords
54%
The Unicorn and the Wasp
54%
The Stolen Earth
53%
Human Nature
52%
Turn Left
52%
Planet of the Ood
51%
Journey's End
50%
The Lazarus Experiment
49%
Daleks in Manhattan
48%
The Poison Sky
48%
Silence in the Library
47%
The Doctor's Daughter
40%
Evolution of the Daleks
39%
Forest of the Dead
39%
The Sontaran Stratagem
38%
Love & Monsters
32%

Score Distribution

Percentile by Number Answered

Percent of People with Each Score

Your Score History

You have not taken this quiz since the last reset